| 000 | 00519nam a22001697a 4500 | ||
|---|---|---|---|
| 010 | _aENG-120304 | ||
| 020 |
_a818706210X _c200.00 |
||
| 035 | _aEN-103836 | ||
| 037 | _bDBAD/PUB | ||
| 082 | _a613.7046 | ||
| 100 | _aDassgupta, Rameshwar | ||
| 245 |
_aYog rashmi : _cby Rameshwar Dassgupta _benglish version / |
||
| 260 |
_aNew Delhi _bRicha Prakashan _c2005 |
||
| 270 |
_aD-36 South Extension (Part One), _bDelhi _e110049 |
||
| 300 |
_a224p. : _c20cm(pbk). _bill. |
||
| 942 |
_2ddc _cEN _h613.7046 _mDAS |
||
| 999 |
_c144048 _d144048 |
||